Jo March Monologue - Little Women - Statistiques

Statistiques générales
  • Ce quiz a été pris 94 fois
  • Le résultat moyen est 38 sur 56
Statistiques - réponses
Hint Réponse % Correct
. I
100%
a
89%
women
88%
have
81%
have
81%
so
81%
so
81%
so
81%
I'm
77%
I'm
77%
I'm
77%
just
75%
just
75%
just
75%
just
75%
they
74%
they
74%
for
72%
it
72%
love
72%
of
70%
of
70%
woman
70%
and
68%
and
68%
and
68%
and
68%
is
68%
is
68%
as
67%
as
67%
as
67%
as
67%
minds
67%
sick
67%
sick
67%
that
67%
lonely
65%
hearts
63%
souls
63%
well
63%
well
63%
all
60%
beauty
58%
people
58%
But
56%
ambition
54%
feel
54%
fit
54%
saying
53%
talent
53%
like
51%
got
49%
got
49%
they've
44%
they've
44%
Aucun quiz correspondant
Distribution des résultats
% des personnes avec chaque résultat
Percentile par nombre de réponses
Votre historique - résultats
Vous n’avez pas pris ce quiz